|
|
|
|
| LEADER |
00000nam0a2200000 4500 |
| 001 |
344438 |
| 005 |
20231102005649.0 |
| 010 |
|
|
|a 9785392340507
|
| 035 |
|
|
|a (RuTPU)RU\TPU\book\375931
|
| 035 |
|
|
|a RU\TPU\book\277277
|
| 090 |
|
|
|a 344438
|
| 100 |
|
|
|a 20140324d2021 m y0rusy50 ca
|
| 101 |
0 |
|
|a rus
|
| 102 |
|
|
|a RU
|
| 105 |
|
|
|a y j 001zy
|
| 200 |
1 |
|
|a Экономическая оценка инвестиций
|e учебное пособие
|f Р. М. Мельников
|
| 210 |
|
|
|a Москва
|c Проспект
|d 2021
|
| 215 |
|
|
|a 264 с.
|
| 320 |
|
|
|a Библиогр.: с. 258-259
|
| 320 |
|
|
|a Глоссарий: с. 260-262
|
| 330 |
|
|
|a В учебном пособи представлены теоретические основы инвестиционного анализа, активно используемые на практике при разработке финансовых моделей инвестиционных проектов, а также практические задачи, адаптированные на основе бизнес-планов реальных инвестиционных проектов и позволяющие отработать навыки моделирования денежных потоков, расчета показателей эффективности инвестиций и анализа чувствительности результатов реализации проекта к воздействию факторов риска. Раскрываются методы и подходы, позволяющие оценивать целесообразность реализации конкретных инвестиционных проектов, оптимизировать структуру их финансирования и обеспечивать согласование интересов участников инвестиционного процесса, осуществлять диагностику инвестиционных рисков и выявлять возможности повышения стоимости бизнеса в условиях многовариантности изменения условий внешней среды. Значительное внимание уделяется особенностям оценки общественной и бюджетной эффективности инвестиций, а также специфике применения метода реальных опционов.
|
| 606 |
1 |
|
|a Инвестиции
|2 stltpush
|3 (RuTPU)RU\TPU\subj\36163
|9 57637
|
| 610 |
1 |
|
|a экономика
|
| 610 |
1 |
|
|a оценка
|
| 610 |
1 |
|
|a инвестиционные риски
|
| 610 |
1 |
|
|a инвестиционные проекты
|
| 610 |
1 |
|
|a эффективность
|
| 610 |
1 |
|
|a опционы
|
| 610 |
1 |
|
|a дерево решений
|
| 610 |
1 |
|
|a ценообразование
|
| 610 |
1 |
|
|a денежные потоки
|
| 610 |
1 |
|
|a стоимость
|
| 610 |
1 |
|
|a задачи
|
| 610 |
1 |
|
|a экономическая оценка
|
| 610 |
1 |
|
|a финансирование
|
| 610 |
1 |
|
|a инвестиционные риски
|
| 610 |
1 |
|
|a учебные пособия
|
| 686 |
|
|
|a У9(2)0-56я73
|v LBC/SL-A
|2 rubbk
|
| 700 |
|
1 |
|a Мельников
|b Р. М.
|g Роман Михайлович
|
| 801 |
|
1 |
|a RU
|b 63413507
|c 20200225
|
| 801 |
|
2 |
|a RU
|b 63413507
|c 20210316
|g RCR
|
| 942 |
|
|
|c BK
|
| 959 |
|
|
|a 5/20200221
|d 2
|e 500,00
|f УФ:1
|f ЧЗТЛ:1
|